00586nam a22001937a 4500003000400000005001700004008004100021010001300062020002300075035001300098040001500111082001500126100001800141245007600159260003900235270006600274300001700340500003500357dpl20180914164206.0180914b xxu||||| |||| 00| 0 eng d aB-219948 a8177080970c640.00 aB-219948 aDPLbENc0 a380.1bVAR aVarma, Gaytri aOnline Marketing:bPrinciples and current practices /c by Gaytri Varma aNew DelhibNew century publication a4800/24, Bharat ram ansari road darya ganjbNew Delhie110009 a314p.:c20cm aInclude Index and bibliography